La información en las catástrofes
Salvato in:
| Autore principale: | |
|---|---|
| Natura: | Libro |
| Lingua: | spagnolo |
| Pubblicazione: |
Madrid
Mapfre
1994
|
| Soggetti: | |
| Tags: |
Aggiungi Tag
Nessun Tag, puoi essere il primo ad aggiungerne!!
|
MARC
| LEADER | 00000nam a2200000 a 4500 | ||
|---|---|---|---|
| 001 | UCO4442 | ||
| 003 | CL-VaPUC | ||
| 008 | 000804e19940000SP |||||||||||||||||spa|d | ||
| 082 | 0 | 4 | |a 363.34 |b PER |2 21 |
| 100 | 0 | |a Pérez de Tudela y Pérez, César |e author |9 448952 | |
| 245 | 1 | 3 | |a La información en las catástrofes |
| 300 | |a 152 p | ||
| 942 | |c BK | ||
| 945 | |d 20000804 00:00:00 |a vberengu | ||
| 260 | |a Madrid |b Mapfre |c 1994 | ||
| 650 | 0 | |a Desastres naturales |9 269276 | |
| 650 | 0 | |a Sistemas de información |9 260286 | |
| 583 | |a last modification |c 20000804 00:00:00 |k Rodrigo Vera | ||
| 999 | |c 290483 |d 290481 | ||
| 952 | |0 0 |1 0 |4 0 |6 363_340000000000000_PER_1994 |7 0 |8 A |9 339939 |a BIBING |b BIBING |d 2019-11-20 |i 3638529 |o 363.34 PER 1994 |p 3638529 |r 2025-01-20 |w 2019-11-20 |y BK |k GEO | ||